000 00256nam a22001097a 4500
008 170126b xxu||||| |||| 00| 0 eng d
020 _a9780763743536
041 _aeng
080 _24TH
_a61
245 _aHEALTH CARE DELIVERY
_cMCCARTHY, R.L
942 _2udc
_cBK
999 _c3759
_d3759